| 000 | 00000nas 2200000zi 4500 |
| 001 | 9.928449 |
| 003 | CaOODSP |
| 005 | 20250730094524 |
| 006 | m o d f |
| 007 | cr cn |||||||| |
| 008 | 231010c20239999nkcar p o f0###b0fre|d |
| 022 | |a2817-8858 |
| 040 | |aCaOODSP|bfre|erda|cCaOODSP |
| 043 | |an-cnm--|an-cn-nf |
| 086 | 1 |aAC2-16F-PDF |
| 110 | 2 |aAgence de promotion économique du Canada atlantique.|eauteur, |eorganisme de publication. |
| 222 | 0|aRapport d'étape de l'... sur le plan d'action en matière d'accessibilité |
| 245 | 10|aRapport d'étape de l'... sur le plan d'action en matière d'accessibilité / |cAgence de promotion économique du Canada atlantique. |
| 246 | 3 |aAgence de promotion économique du Canada atlantique, rapport d'étape de l'... sur le plan d'action en matière d'accessibilité |
| 264 | 1|aMoncton (Nouveau-Brunswick) : |bAgence de promotion économique du Canada atlantique = Atlantic Canada Opportunities Agency, |c[2023]- |
| 310 | |aAnnuel |
| 336 | |atexte|btxt|2rdacontent/fre |
| 337 | |ainformatique|bc|2rdamedia/fre |
| 338 | |aressource en ligne|bcr|2rdacarrier/fre |
| 362 | 1 |aParaît depuis : Année 1 (décembre 2023). |
| 500 | |aPublié aussi en anglais sous le titre : ... progress report on the accessibility action plan. |
| 588 | |aDescription d'après : Année 1 (décembre 2023); titre de la page couverture du fichier PDF. |
| 588 | |aDernière livraison consultée : Année 1 (décembre 2023). |
| 610 | 26|aAgence de promotion économique du Canada atlantique|vPériodiques. |
| 650 | 6|aAccessibilité aux personnes handicapées|zCanada|xPlanification|vPériodiques. |
| 650 | 6|aPersonnes handicapées|xPolitique gouvernementale|zCanada|vPériodiques. |
| 655 | 7|aPériodiques|2rvmgf |
| 775 | 08|t... progress report on the accessibility action plan / |w(CaOODSP)9.928445 |